Eurovision Winning Songs by Lyrics - Statistics

General Stats
  • This quiz has been taken 675 times
  • The average score is 5 of 15
Answer Stats
Hint Answer % Correct
I went everywhere for you, I even did my hair for you Satellite
75%
How many times can we win and lose? How many times can we break the rules? Only teardrops
73%
You were warned once I'm transformed, once I'm reborn Rise like a Phoenix
72%
You' re my lover undercover My number one
66%
The history book on the shelf is always repeating itself Waterloo
63%
My fangs are sharp and my eyes are red Hard rock hallelujah
43%
In the summer nights, when the moon shines bright, feeling love forever Fly on the wings of love
30%
Love is just like a merry-go-round with all the fun of the fair Puppet on a string
22%
Come closer, come closer and listen Boom bang-a-bang
21%
Love, it's you; love, it's me; the bird, it's you; the child, it's me L'oiseau et l'enfant
21%
I love, I love life, don' t hold it against me J'aime la vie
18%
Sleep, my love, my princess locked up in her tower Dors, mon amour
17%
Come, let us dance, everything can happen Dansevise
8%
I love, I love you, I love, I love you A-ba-ni-bi
5%
Let me live a romantic love while I'm waiting for that day to come Non ho l'eta
4%
No matching quizzes found
Score Distribution
Percent of People with Each Score
Percentile by Number Answered
Your Score History
You have not taken this quiz